00578nam a2200157Ia 4500003000400000005001700004008004100021040001800062041000800080100005500088245008800143260003800231942001300269999001900282952011900301OSt20260116112414.0211028s2013 xx 000 0 und d cAIMIT LIBRARY aeng aFernandes, Dorothy;Amin, Venkatesh.g111603996986 aEvaluation of customer perception towards campo chocolates at campo ltd Mangalore / aMangalorebVenkatesh S Aminc2013 2ddccPRO c218556d218556 00102ddc40718PR_MBAaAIMITbAIMITd2021-10-28eMBAl0pPRB00633r2021-10-28 00:00:00t1116039w2021-10-28yPRO